| 000 | 00588nam a2200193Ia 4500 | ||
|---|---|---|---|
| 003 | GCL | ||
| 008 | 140319s9999 xx 000 0 eng d | ||
| 020 | _a9774242955 | ||
| 040 |
_aGCL / _cGCL |
||
| 082 | 0 | 4 |
_aCC _b362.1 _bG E |
| 100 | 1 | _aGALLAHER, NANCY ELIZAETH | |
| 245 | 1 | 0 |
_aEGYPT'S OTHER WARS : _bEPIDEMICS AND THE POLITICS OF PUBLIC HEALTH / _cGALLAHER, NANCY ELIZAETH |
| 260 |
_aالقاهرة : _bTHE AMERICAN UNIVERSITY IN CAIRO PRESS ، _c1993 |
||
| 300 |
_a234 P _bILL. ؛ _c23 cm. |
||
| 650 | 0 | 4 | _aEGYPT |
| 650 | 0 | 4 | _aPUBLIC HEALTH |
| 650 | 0 | 4 | _aMEDICINE |
| 942 |
_2ddc _cBK |
||
| 999 |
_c12406 _d12406 |
||